[Event "Tambov Region-ch"]
[Site "Tambov"]
[Date "2018.02.21"]
[Round "1"]
[White "Pishchalnikov, Roman A"]
[Black "Bryunin, Elisei"]
[Result "1-0"]
[WhiteElo "1839"]
[BlackElo "1014"]
[PlyCount "59"]
[EventDate "2018.02.21"]
[EventType "swiss"]
[EventRounds "9"]
[EventCountry "RUS"]
[SourceTitle "CBM 183 Extra"]
[Source "ChessBase"]
[SourceDate "2018.04.19"]
[SourceVersion "1"]
[SourceVersionDate "2018.04.19"]
[SourceQuality "1"]

1. d4 f5 2. c4 Nf6 3. Nf3 g6 4. g3 Bg7 5. Bg2 0-0 6. 0-0 d6 7. Nc3 Nbd7 8. Bf4 Qe8 9. Nb5 Qd8 10. Qb3 Kh8 11. Ng5 Nb6 12. c5 Nbd5 13. Bxd5 Nxd5 14. Qxd5 e6 15. Qb3 a6 16. Nxc7 Qxc7 17. Bxd6 Qd8 18. Bxf8 Qxf8 19. Nxe6 Bxe6 20. Qxe6 Bxd4 21. Rac1 Re8 22. Qd5 Bxb2 23. Rc2 Qg7 24. Rb1 Bf6 25. Rxb7 Qh6 26. Qf7 Rf8 27. Qb3 Be5 28. c6 f4 29. c7 Rc8 30. Qe6 1-0

[Event "Tambov Korensky Memorial 26th"]
[Site "Tambov"]
[Date "2017.08.27"]
[Round "9"]
[White "Astafurov, Arseniy"]
[Black "Pishchalnikov, Roman A"]
[Result "1-0"]
[WhiteElo "2266"]
[BlackElo "1797"]
[PlyCount "77"]
[EventDate "2017.08.19"]
[EventType "swiss"]
[EventRounds "9"]
[EventCountry "RUS"]
[SourceTitle "CBM 180 Extra"]
[Source "ChessBase"]
[SourceDate "2017.10.06"]
[SourceVersion "1"]
[SourceVersionDate "2017.10.06"]
[SourceQuality "1"]

1. Nf3 d5 2. b3 c5 3. Bb2 Nf6 4. e3 e6 5. c4 Bd6 6. cxd5 exd5 7. Bb5+ Bd7 8. Bxd7+ Nbxd7 9. 0-0 0-0 10. d4 Rc8 11. Nc3 cxd4 12. Qxd4 Bc5 13. Qd3 Nb6 14. Rfd1 Qe7 15. a4 Rfd8 16. Ne2 Rc7 17. Nf4 Bd6 18. a5 Nbd7 19. Nxd5 Nxd5 20. Qxd5 Nc5 21. g3 Ne6 22. Qf5 g6 23. Qh3 Rc2 24. Bd4 a6 25. Qg4 f5 26. Qh3 Rdc8 27. Qf1 Bb4 28. Qd3 R2c6 29. Bb6 Nc5 30. Qd5+ Ne6 31. Qd7 Qxd7 32. Rxd7 Rc1+ 33. Rxc1 Rxc1+ 34. Kg2 Nc5 35. Rd4 Ba3 36. Ng5 Nxb3 37. Rd8+ Kg7 38. Rd7+ Kh6 39. h4 1-0

[Event "Tambov First league of Region"]
[Site "Tambov"]
[Date "2016.10.23"]
[Round "2.2"]
[White "Fedorenko, Aleksandr N"]
[Black "Pishchalnikov, Roman A"]
[Result "0-1"]
[WhiteElo "1853"]
[BlackElo "1641"]
[PlyCount "91"]
[EventDate "2016.10.22"]
[EventType "tourn"]
[EventRounds "9"]
[EventCountry "RUS"]
[SourceTitle "EXT 2022"]
[Source "ChessBase"]
[SourceDate "2021.10.06"]
[SourceVersion "1"]
[SourceVersionDate "2021.10.06"]
[SourceQuality "1"]

1. e4 c5 2. c4 Nc6 3. Nc3 g6 4. d3 Bg7 5. Bd2 d6 6. Nf3 Nf6 7. Be2 0-0 8. 0-0 Bd7 9. a4 Na5 10. b3 e6 11. Rb1 Nc6 12. Nb5 Qe7 13. Bf4 e5 14. Bg5 h6 15. Bd2 a6 16. Nc3 Be6 17. Qc1 Kh7 18. h3 Nd7 19. Nd5 Bxd5 20. cxd5 Nd4 21. Nxd4 exd4 22. f4 f5 23. Bf3 fxe4 24. Bxe4 Nf6 25. Re1 Nxe4 26. Rxe4 Qd7 27. a5 Rae8 28. Qc2 h5 29. Rbe1 Qf7 30. Qc4 Rxe4 31. Rxe4 Re8 32. b4 Rxe4 33. dxe4 Qc7 34. Kh2 b5 35. axb6 Qxb6 36. bxc5 dxc5 37. e5 Qb5 38. Qc2 c4 39. d6 Qd5 40. Qa4 c3 41. Bc1 d3 42. Qd1 Bxe5 43. fxe5 Qxe5+ 44. Kh1 Qxd6 45. Qb3 d2 46. Ba3 0-1

[Event "Tambov Korensky Memorial 25th"]
[Site "Tambov"]
[Date "2016.08.27"]
[Round "8"]
[White "Pishchalnikov, Roman A"]
[Black "Yumashev, Viktor V"]
[Result "0-1"]
[WhiteElo "1603"]
[BlackElo "1839"]
[PlyCount "116"]
[EventDate "2016.08.20"]
[EventType "swiss"]
[EventRounds "9"]
[EventCountry "RUS"]
[SourceTitle "CBM 174 Extra"]
[Source "ChessBase"]
[SourceDate "2016.10.10"]
[SourceVersion "1"]
[SourceVersionDate "2016.10.10"]
[SourceQuality "1"]

1. d4 c5 2. d5 e5 3. e4 d6 4. c4 g6 5. Be3 Bg7 6. Nc3 Ne7 7. Qd2 a6 8. Bd3 0-0 9. Nge2 f5 10. Bh6 f4 11. Bxg7 Kxg7 12. 0-0-0 Nd7 13. g3 f3 14. Ng1 b5 15. cxb5 axb5 16. Nxb5 Nb6 17. Qe3 Rxa2 18. Kb1 Ra5 19. Nxf3 c4 20. Bxc4 Nxc4 21. Qc3 Rxf3 22. Qxc4 Ba6 23. Qc7 Qxc7 24. Nxc7 Bd3+ 25. Rxd3 Rxd3 26. Ne8+ Kh6 27. Nxd6 Kg7 28. Nc4 Rc5 29. Nxe5 Rd2 30. Rf1 Nc8 31. f4 Nd6 32. Re1 Rd4 33. Nd7 Rc7 34. e5 Rxd7 35. exd6 Rxd6 36. h4 R6xd5 37. Ka2 Rd3 38. g4 Ra5+ 39. Kb1 Ra4 40. Re7+ Kf6 41. Rxh7 Rxf4 42. g5+ Kf5 43. h5 Kxg5 44. hxg6 Kxg6 45. Rh2 Rdf3 46. Rc2 Kf6 47. Rc5 Ke6 48. Rc8 Rf2 49. Rb8 Kd6 50. Ka2 Kc6 51. Rh8 Rb4 52. Ka3 Rbxb2 53. Rh6+ Kd7 54. Rh7+ Kc8 55. Rh8+ Kb7 56. Rh7+ Ka8 57. Rh8+ Rb8 58. Rh4 Rf7 0-1

[Event "Tambov Korensky Memorial 25th"]
[Site "Tambov"]
[Date "2016.08.22"]
[Round "3"]
[White "Najdin, Danil"]
[Black "Pishchalnikov, Roman A"]
[Result "1-0"]
[WhiteElo "2235"]
[BlackElo "1603"]
[PlyCount "139"]
[EventDate "2016.08.20"]
[EventType "swiss"]
[EventRounds "9"]
[EventCountry "RUS"]
[SourceTitle "CBM 174 Extra"]
[Source "ChessBase"]
[SourceDate "2016.10.10"]
[SourceVersion "1"]
[SourceVersionDate "2016.10.10"]
[SourceQuality "1"]

1. e4 c5 2. Nf3 Nc6 3. Bb5 d6 4. Bxc6+ bxc6 5. 0-0 e5 6. c3 f5 7. exf5 Bxf5 8. d4 cxd4 9. cxd4 e4 10. Nfd2 Nf6 11. f3 d5 12. fxe4 Bxe4 13. Nxe4 dxe4 14. Qa4 Qc7 15. Bg5 Ng4 16. g3 h6 17. Bf4 Bd6 18. Qc4 Bxf4 19. Qe6+ Kd8 20. Rxf4 Nf6 21. Nc3 Re8 22. Qc4 Qd6 23. Re1 e3 24. Qc5 Qxc5 25. dxc5 Rb8 26. b4 Kc7 27. Rd4 Nd5 28. Nxd5+ cxd5 29. a3 Kc6 30. Kg2 a5 31. Rg4 g5 32. h4 Re5 33. h5 axb4 34. axb4 Rf8 35. Re2 Rd8 36. Rd4 Rde8 37. Kf3 Rf8+ 38. Kg2 Rfe8 39. Kf1 Re4 40. Rxe4 Rxe4 41. Rb2 Kb5 42. Ke2 Re5 43. Kd3 Re4 44. Rc2 Re6 45. Ke2 Kc6 46. Kd3 d4 47. Ra2 Kb5 48. Rb2 Re8 49. Re2 Rd8 50. Rc2 Kxb4 51. c6 Rc8 52. c7 Kb5 53. Kxd4 e2 54. Rb2+ Ka5 55. Rxe2 Rxc7 56. Re6 Rb7 57. Ke5 Rb3 58. g4 Rb4 59. Kf5 Rf4+ 60. Kg6 Rxg4 61. Kxh6 Rc4 62. Kxg5 Rc1 63. h6 Rg1+ 64. Kf6 Rf1+ 65. Kg7 Rg1+ 66. Rg6 Rc1 67. h7 Rc7+ 68. Kh6 Rc1 69. Rg5+ Kb6 70. h8Q 1-0

[Event "Tambov Region-ch"]
[Site "Tambov"]
[Date "2016.03.04"]
[Round "6"]
[White "Pishchalnikov, Roman A"]
[Black "Astafurov, Arseniy"]
[Result "0-1"]
[WhiteElo "1598"]
[BlackElo "1986"]
[PlyCount "86"]
[EventDate "2016.03.02"]
[EventType "swiss"]
[EventRounds "9"]
[EventCountry "RUS"]
[SourceTitle "CBM 171 Extra"]
[Source "ChessBase"]
[SourceDate "2016.04.26"]
[SourceVersion "1"]
[SourceVersionDate "2016.04.26"]
[SourceQuality "1"]

1. d4 d5 2. c4 c6 3. Nf3 Nf6 4. e3 e6 5. Nc3 Nbd7 6. c5 b6 7. b4 Bb7 8. Bd3 a5 9. Rb1 axb4 10. Rxb4 Ba6 11. Bxa6 Rxa6 12. Ra4 Ra8 13. cxb6 Nxb6 14. Rxa8 Qxa8 15. 0-0 Be7 16. Qb3 Nfd7 17. e4 0-0 18. exd5 cxd5 19. Bf4 Rc8 20. Rb1 h6 21. h3 Qc6 22. Nb5 Ra8 23. Rc1 Nc4 24. Ne5 Ndxe5 25. Bxe5 Qd7 26. Bf4 Bd8 27. a4 f6 28. Na3 Nxa3 29. Qxa3 Rxa4 30. Qc5 Be7 31. Qc8+ Qxc8 32. Rxc8+ Kf7 33. Be3 e5 34. dxe5 fxe5 35. Kf1 Ra2 36. Rc7 d4 37. Bc1 Ke6 38. Rc6+ Bd6 39. Rc8 Kd5 40. g4 Bc5 41. Ke1 Rc2 42. Bd2 Ke4 43. Ba5 Bb4+ 0-1

[Event "Tambov Region-ch"]
[Site "Tambov"]
[Date "2015.10.31"]
[Round "7"]
[White "Astafurov, Arseniy"]
[Black "Pishchalnikov, Roman A"]
[Result "1-0"]
[WhiteElo "1750"]
[BlackElo "1561"]
[PlyCount "37"]
[EventDate "2015.10.28"]
[EventType "tourn"]
[EventRounds "9"]
[EventCountry "RUS"]
[SourceTitle "CBM 169 Extra"]
[Source "ChessBase"]
[SourceDate "2015.12.18"]
[SourceVersion "1"]
[SourceVersionDate "2015.12.18"]
[SourceQuality "1"]

1. e4 c5 2. Nf3 Nc6 3. Nc3 e5 4. Bc4 d6 5. h3 Be6 6. d3 Bxc4 7. dxc4 Nf6 8. Bg5 Be7 9. Bxf6 Bxf6 10. Nd5 0-0 11. c3 Be7 12. Qd3 Qd7 13. Rd1 Rad8 14. 0-0 f5 15. Nxe7+ Qxe7 16. exf5 Qf6 17. Nd2 Qxf5 18. Ne4 Qe6 19. Ng5 1-0